Los Latinos y la salud mental. = Medicalizing Ethnicity: The Constrution of Latino Identity in a Psychiatric Setting. Counseling Latinos and la Familia: A practical Guide /
Guardado en:
| Hovedforfatter: | |
|---|---|
| Andre forfattere: | |
| Format: | Texto |
| Fag: | |
| Tags: |
Tilføj Tag
Ingen Tags, Vær først til at tagge denne postø!
|
MARC
| LEADER | 00000 a a2200000 04500 | ||
|---|---|---|---|
| 001 | 9292 | ||
| 003 | |||
| 040 | |||
| 100 | |a Caamaño, Carmen | ||
| 245 | |a Los Latinos y la salud mental. = |b Medicalizing Ethnicity: The Constrution of Latino Identity in a Psychiatric Setting. Counseling Latinos and la Familia: A practical Guide / |c Carmen Caamaño | ||
| 500 | |a Datos de edición: The Constrution ... Ithaca, N.Y., Cornell University Press, 2001%Datos de edición: Counseling Latinos ... Berkeley, Sage Publications, 2002Datos de edición: The Constrution ... Ithaca, N.Y., Cornell University Press, 2001%Datos de edición: Counseling Latinos ... Berkeley, Sage Publications, 2002 | ||
| 650 | |a SALUD MENTAL | ||
| 650 | |a ATENCION MEDICA | ||
| 650 | |a LATINOAMERICANOS | ||
| 650 | |a DISCRIMINACION | ||
| 700 | |a reseñadora |a Santiago - Irizarry, Vilma |a Santiago - Rivera, Azara L. |a Gallardo Cooper, Maritza | ||
| 773 | |g volumen 5, número 1; páginas 127-130 | ||
| 999 | |c 26689 |d 26689 | ||
